Wörterbuch Mongolisch - Deutsch
Na minha lista:
| Formato: | Livro |
|---|---|
| Idioma: | alemão |
| Publicado em: |
Leipzig
Enzyklopädie
1982
|
| Edição: | 4. ünveränd. Aufl. |
| Tags: |
Sem tags, seja o primeiro a adicionar uma tag!
|
MARC
| LEADER | 00000nam a2200000 4500 | ||
|---|---|---|---|
| 001 | c135189 | ||
| 005 | 20260129132050.2 | ||
| 041 | 0 | |a ger | |
| 044 | |a DE | ||
| 245 | 1 | 0 | |a Wörterbuch Mongolisch - Deutsch |c Schalonow Zebek, Johannes Schubert |
| 250 | |a 4. ünveränd. Aufl. | ||
| 264 | 1 | |a Leipzig |b Enzyklopädie |c 1982 | |
| 300 | |a 276 s. | ||